000 00495nam a22001937a 4500
003 MPLRDC
005 20220104124806.0
008 210129b ||||| |||| 00| 0 eng d
020 _a7-5387-1818-4
082 _a427.11 DJ
100 _a堵军 俸绿 编著
245 _a健脑益智保健食谱
_c
250 _a一版一刷
260 _a中国
_b时代文艺出版社
_c2003
300 _b287
490 _a家庭饮食保健丛书
650 _a中菜食谱
942 _cBK
_o427.11 DJ
999 _c22181
_d22171